Digital Marketing Strategy (Record no. 43337)

MARC details
000 -LEADER
fixed length control field 00523nam a22001817a 4500
005 - DATE AND TIME OF LATEST TRANSACTION
control field 20250317110814.0
008 - FIXED-LENGTH DATA ELEMENTS--GENERAL INFORMATION
fixed length control field 250317b |||||||| |||| 00| 0 eng d
020 ## - INTERNATIONAL STANDARD BOOK NUMBER
International Standard Book Number 9781787150911
041 ## - LANGUAGE CODE
Language code of text/sound track or separate title Eng.
082 ## - DEWEY DECIMAL CLASSIFICATION NUMBER
Classification number 658.872 SMI
100 ## - MAIN ENTRY--PERSONAL NAME
Author Smith, Olivia
245 ## - TITLE STATEMENT
Title Digital Marketing Strategy
260 ## - PUBLICATION, DISTRIBUTION, ETC.
Place UK
Publisher Kruger Brentt Publishers
Publication Year 2023
300 ## - PHYSICAL DESCRIPTION
Extent 151;. P. 24 cm
650 ## - SUBJECT ADDED ENTRY--TOPICAL TERM
Subject Electronic Commerce-Management; Internet Marketing; Strategic Planning
700 ## - ADDED ENTRY--PERSONAL NAME
Co-Author Smith, Mary And Smith, James
942 ## - ADDED ENTRY ELEMENTS (KOHA)
Koha item type Books
Holdings
Withdrawn status Lost status Source of classification or shelving scheme Damaged status Not for loan Home library Current library Shelving location Accession Date Vendor Price Bill number Full call number Barcode No Date last seen Discount Bill Date Koha item type Suggested By
    Dewey Decimal Classification     IMTN IMTN Rack 33-B 03/17/2025 Raghav Books Private Limited 9905.70 2374 658.872 SMI 33628 03/17/2025 33 02/14/2025 Books Dr. Ajitabh Dash
Designed & Maintained by: LRC IMT Nagpur Contact: lrc@imtnag.ac.in© 2024. All Rights Reserved.